00790nam a22002057a 4500999001900000005001700019010001500036020003100051035001400082037001300096082001500109100002500124245006400149250000800213260004400221270007700265300009800342942002400440952012000464 c178479d17847920220113130816.0 aENG-129363 a978-93-5388-281-5c1095.00 aEN-112895 bDBAD/PUB a371.223rd aMukhopadhyay, Marmar aTotal Quality Management in Education:cMarmar Mukhopadhyay a3rd aNew DelhibSage Publication Indiac2020 aB1/1-1 Mohan Cooperative Industrial Area Mathura RoadbNew Delhie110044 axxii+266p.c24cm(pbk)bIncluding illustrations, tables, bibliographical references and index. 2ddccENh371.2mMUK 001040708NFICaMbMd2021-03-31eDBAD/PUBg1095.00l0o371.2 MUKpEN-112895r2021-03-31 00:00:00t1v1095.00yEN